| Tag |
First Indicator |
Second Indicator |
Subfields |
| LEADER |
00000cam a2200000 a 4500 |
| 001 |
in00000763582 |
| 005 |
20151016171230.0 |
| 008 |
880711s1988 nyu b 10010 eng d |
| 010 |
|
|
|a 88071319
|
| 035 |
|
|
|a (OCoLC)18198282
|
| 035 |
|
|
|9 ADJ8729AM
|
| 040 |
|
|
|a TXA
|c TXA
|d VPI
|d IPL
|d TXA
|d UtOrBLW
|
| 049 |
|
|
|a TXAM
|c [A12653442]
|
| 050 |
|
4 |
|a TA658.44
|b .A85 1988
|
| 082 |
0 |
4 |
|a 624.1762
|b As54s, 1988
|
| 111 |
2 |
|
|a Pressure Vessels and Piping Conference
|d (1988 :
|c Pittsburgh, Pa.)
|
| 245 |
1 |
0 |
|a Seismic, shock, and vibration isolation, 1988 :
|b presented at the 1988 ASME Pressure Vessels and Piping Conference, Pittsburgh, Pennsylvania, June 19-23, 1988 /
|c sponsored by the Pressure Vessels abd Piping Division, ASME ; edited by H. Chung, N. Mostaghel.
|
| 264 |
|
1 |
|a New York, N.Y. (345 E. 47th St., New York 10017) :
|b American Society of Mechanical Engineers,
|c [1988]
|
| 264 |
|
4 |
|c ©1988
|
| 300 |
|
|
|a v, 107 pages :
|b illustrations ;
|c 28 cm.
|
| 336 |
|
|
|a text
|b txt
|2 rdacontent
|
| 337 |
|
|
|a unmediated
|b n
|2 rdamedia
|
| 338 |
|
|
|a volume
|b nc
|2 rdacarrier
|
| 490 |
1 |
|
|a PVP ;
|v vol. 147
|
| 504 |
|
|
|a Includes bibliographies.
|
| 650 |
|
0 |
|a Earthquake resistant design
|v Congresses.
|
| 700 |
1 |
|
|a Chung, H. M.
|
| 700 |
1 |
|
|a Mostaghel, N.
|
| 710 |
2 |
|
|a American Society of Mechanical Engineers.
|b Pressure Vessels and Piping Division.
|
| 830 |
|
0 |
|a PVP (Series) ;
|v vol. 147.
|
| 999 |
|
|
|a MARS
|
| 999 |
f |
f |
|s 64f73100-836c-3e8f-8745-a59744ef53dc
|i be98f82a-747f-34c3-9814-be57275ed059
|t 0
|
| 952 |
f |
f |
|p ric
|a Texas A&M University
|b Rellis Campus
|c Joint Library Facility
|d Remote Storage
|t 0
|e TA658.44 .A85 1988
|h Library of Congress classification
|i unmediated -- volume
|m A14812653442
|
| 998 |
f |
f |
|a TA658.44 .A85 1988
|t 0
|l Remote Storage
|